000 01225nam a2200229Ia 4500
001 A931-35589
003 IT-CnALBA
008 170116s9999||||xx |||||||||||||| ||und||
040 _aIT-CnALBA
_cIT-CnALBA
041 _aITALIANO
100 _aBOSSI CAV. LUIGI
245 0 _aDELLA ISTORIA D'ITALIA ANTICA E MODERNA. VOLUME XIII.
250 _a1a ed.
260 _aMILANO
_bGIEGLER E BIANCHI COED.
_c1821 [1° Ed.:1821 - Ed.Ling.Originale: 1821]
300 _a760 p.
500 _aTAVOLE E SPIEGAZIONE. CARTE GEOGRAFICHE. IMPERO DI CARLO MAGNO RE DEI FRANCHI. CARLO MAGNO ALLEATO DELLA CHIESA. LUDOVICO IL PIO. CARLO IL CALVO. LOTARIO. STATO DELLE LETTERE E DELLE ARTI DA CARLO MAGNO AD OTTONE. S. LEONE MAGNO. CARLO IL GROSSO. LUDOVICO
501 _aSocietà San Paolo EM - Piazza San Paolo, 14 - 12051 ALBA (CN) (non commercial uses only) ® Copyright 2017
520 _aTAVOLE E SPIEGAZIONE. CARTE GEOGRAFICHE. IMPERO DI CARLO MAGNO RE DEI FRANCHI. CARLO MAGNO ALLEATO DELLA CHIESA. LUDOVICO IL PIO. CARLO IL CALVO. LOTARIO. STATO DELLE LETTERE E DELLE ARTI DA CARLO MAGNO AD OTTONE. S. LEONE MAGNO. CARLO IL GROSSO. LUDOVICO
650 _aSTORIA GENERALE ITALIA-EUROPA
942 _cBK
957 _71
999 _a40353
_bSI
_g Copie: 1
_c294416
_d294416